000
00320 a2200157 4500
001
154724
040
_c
Escola São Tomás de Aquino
100
_a
MACEDO, Rivaldo
240
1
0
_a
A 14ª NAU.
_l
por
245
1
0
_a
A 14ª NAU.
300
_a
47
362
0
_a
1999
440
1
_a
FTD
697
_a
HISTÓRIA
942
_c
BK
999
_c
154724
_d
154724